Xử lý nước cấp sinh hoạt và công nghiệp
সংরক্ষণ করুন:
| প্রধান লেখক: | |
|---|---|
| বিন্যাস: | Sách |
| ভাষা: | Undetermined |
| প্রকাশিত: |
Khoa học và Kỹ thuật
2012
|
| বিষয়গুলি: | |
| ট্যাগগুলো: |
ট্যাগ যুক্ত করুন
কোনো ট্যাগ নেই, প্রথমজন হিসাবে ট্যাগ করুন!
|
| Thư viện lưu trữ: | Trung tâm Thư viện - Trường Đại học Công nghiệp TP. Hồ Chí Minh |
|---|
| LEADER | 00547nam a2200157Ia 4500 | ||
|---|---|---|---|
| 001 | UIH_04843 | ||
| 008 | 231011s9999 xx 000 0 und d | ||
| 082 | |a 628.1 | ||
| 100 | |a Nguyễn Thị Thu Thuỷ | ||
| 245 | 0 | |a Xử lý nước cấp sinh hoạt và công nghiệp | |
| 245 | 0 | |c Nguyễn Thị Thu Thuỷ | |
| 260 | |b Khoa học và Kỹ thuật | ||
| 260 | |c 2012 | ||
| 650 | |a Nước cấp; | ||
| 927 | |a Sách | ||
| 980 | |a Trung tâm Thư viện - Trường Đại học Công nghiệp TP. Hồ Chí Minh | ||